Регионална библиотека "Любен Каравелов" - Русе

Избрани творби (Запис номер 45272)

MARC детайли
000 -Лидер
Контролно поле с фиксирана дължина 01770nam a2200349 c 4500
003 - Код на организацията, давaща контролен номер
Контролно поле BLK
005 - Дата и час на последна редакция
Контролно поле 20250228124341.0
008 - Елементи от данни с фиксирана дължина
fixed length control field 180408b bul|||||r ||||||| ||bul||
010 ## - Наследен системен номер
LC control number KNG00049059000
040 ## - Източник на каталожния запис
Идентификатор на билиотеката - собственик на записа BLK
041 ## - Код за език
Код за езика на текст/звукозапис или на отделно заглавие Български
Код за езика КДБФ Български
080 ## - УДК
Текстов определител УДК Немска литература
УДК код - определител по УДК 821.112.2
УДК определител -8
УДК - код + определител 821.112.2-8
100 1# - Редна дума - Автор
Автор Лесинг, Готхолд Ефраим
Авторска отговорност първи автор
R(LIN) 280065
139 ## - Редно поле
Редна дума Лесинг, Готхолд Ефраим
Авторски знак Лес - Л 48
245 10 - Сведения за заглавието
Заглавие Избрани творби
Редно поле (дума) Готхолд Ефраим Лесинг; прев. от нем. Красен Русев; състав. Емилия Стайчева; предг. от Любомир Огнянов.
257 ## - Страна на издаване
Страна на създаване/издаване Германия
260 ## - Област на издателските данни
Име на издателя, разпространителя и проч. Нар. култура
Година на издаване 1984
Място на издаване, разпространение и проч. София
300 ## - Физическа характеристика
Страници 543 с.
Размери/Мащаб 21 см
380 ## - Жанр
Жанр Худож. лит.
490 ## - СЕРИИ (Колекции)
Име на серия Световна класика
500 ## - Общи забележки
Забележка Ориг. загл. Ausgewahlte Werke / Gotthold Ephriam Lessing. - Други прев. : Б. Добрева, Д. СтоевскиЛ. Илиев и др. Съдържа : Стихотворения, епиграми и басни ; Драми и драматически фрагмент : Естетически и философски съчинения ; Разговори и писма.
700 1# - Други автори (авторска отговорност)
Лично име Русев, Красен
Автороска отговорност (Описва отношението между автора и произведението) прев. от нем.
9 (RLIN) 280066
700 1# - Други автори (авторска отговорност)
Лично име Стайчева, Емилия
Автороска отговорност (Описва отношението между автора и произведението) състав.
9 (RLIN) 280067
700 ## - Други автори (авторска отговорност)
Лично име Огнянов, Любомир Георгиев
Дати, свързани с автора 1941 -
Друга информация Историк.
9 (RLIN) 241997
852 ## - Местоположение
Форматна сигнатура Цб 130342
856 4# - Електронен адрес и достъп
Електронен формат pdf - файл
856 4# - Електронен адрес и достъп
Електронен формат pdf - файл
942 ## - АРТИКУЛИ
Вид на библиотечния материал Книги
Скрит в OPAC Не
944 ## - СЪЗДАВАНЕ И РЕДАКЦИЯ на ЗАПИСА
Създаване/Редакция Създаване
Дата на регистрацията/редакция 28.03.2005
Служител, извършил регистрацията/редакцията 30560
Статус, дата на статуса Геновева Генчева
944 ## - СЪЗДАВАНЕ И РЕДАКЦИЯ на ЗАПИСА
Създаване/Редакция Редакция
Дата на регистрацията/редакция 15.02.2018
Служител, извършил регистрацията/редакцията Теодора_Стоянова
999 ## - СИСТЕМНИ КОНТРОЛНИ НОМЕРА
Koha biblionumber 45272
Koha biblioitemnumber 45272
999 ## - СИСТЕМНИ КОНТРОЛНИ НОМЕРА
Koha biblioitemnumber 45272
Наличности
Код за отписване Код за изгубен артикул Код за повреда Коз за рестрикции Код за отдаване Артикулен № Име на библиотеката - собственик Име на библиотеката, в която се намира в момента Статус (Текущо местоположение) Дата на вписване в системата Местоположение - отдел Цена в лева Инвентарен номер Систематично азбучна сигнатура Баркод Номер на екземпляра Цена в евро Служебна бележка Служебен тип на артикула Източник на класификационната схема
  Не е изгубен Не е повреден без рестрикции ползва се в читалня 71296 Регионална библиотека "Любен Каравелов" Русе Регионална библиотека "Любен Каравелов" Русе Хранилище 2005-03-28 Основен фонд - ползва се само за читалня 4.26 120000692640 Цб 130342 120000692640 1 2.18 Дост: DA Вид: А N: 6 Дата: 25.03.2005 Книги  
Изтеглен Не е изгубен Не е повреден без рестрикции заемане за дома 71297 Регионална библиотека "Любен Каравелов" Русе Регионална библиотека "Любен Каравелов" Русе Заемна - подръчен фонд 2001-01-01 Заемна - подръчен фонд 4.26 417421 П 830-8/Л 49 417421 2 2.18 Дост: Pk Вид: Ф N: стар фонд Дата: 01.01.2001 Дата инв: 16.02.2018 Бележки инв: П2018 Книги Universal Decimal Classification
Изтеглен Не е изгубен Не е повреден без рестрикции заемане за дома 71298 Регионална библиотека "Любен Каравелов" Русе Регионална библиотека "Любен Каравелов" Русе Заемна - подръчен фонд 2001-01-01 Заемна - подръчен фонд 4.26 417422 П 830-8/Л 49 417422 3 2.18 Дост: Pk Вид: Ф N: стар фонд Дата: 01.01.2001 Дата инв: 16.02.2018 Бележки инв: П2018 Книги Universal Decimal Classification
Изтеглен Не е изгубен Не е повреден без рестрикции заемане за дома 71299 Регионална библиотека "Любен Каравелов" Русе Регионална библиотека "Любен Каравелов" Русе Заемна - подръчен фонд 2001-01-01 Заемна - подръчен фонд 0.00 417424 П 830-8/Л 49 417424 4 0.00 Дост: Pk Вид: Ф N: стар фонд Дата: 01.01.2001 Книги Universal Decimal Classification
Изтеглен Не е изгубен Не е повреден без рестрикции заемане за дома 71300 Регионална библиотека "Любен Каравелов" Русе Регионална библиотека "Любен Каравелов" Русе Заемна - подръчен фонд 2001-01-01 Заемна - подръчен фонд 4.26 541801 П 830-8/Л 49 541801 5 2.18 Дост: Pk Вид: Ф N: стар фонд Дата: 01.01.2001 Дата инв: 12.02.2018 Бележки инв: П2018 Книги Universal Decimal Classification
Изтеглен Не е изгубен Не е повреден без рестрикции заемане за дома 71301 Регионална библиотека "Любен Каравелов" Русе Регионална библиотека "Любен Каравелов" Русе Заемна - подръчен фонд 2001-01-01 Заемна - подръчен фонд 5.40 634185 П 830-8/Л 49 634185 6 2.76 Дост: Pk Вид: Ф N: стар фонд Дата: 01.01.2001 Дата инв: 12.02.2018 Бележки инв: П2018 Книги Universal Decimal Classification
  Не е изгубен Не е повреден само за читалня заемане за дома 856047 Регионална библиотека "Любен Каравелов" Русе Регионална библиотека "Любен Каравелов" Русе Заемна - подръчен фонд 2021-09-28 Заемна - подръчен фонд 4.26   821-8/ Л 49 120000859934   2.18   Книги Universal Decimal Classification
Vip Innovations Ltd, Rousse, Bulgaria 2025